000
00308nam a22001217a 4500
008
160613b xxu||||| |||| 00| 0 eng d
020
_a
9781416052289
020
_a
978146052289
041
_a
eng
080
_a
618.2
245
_a
Fundamentals concepts and skills for nursing;
_c
Susan C.Deit;
942
_2
udc
_c
BK
999
_c
2439
_d
2439